<?xml version="1.0" encoding="UTF-8"?>
<record
    xmlns:xsi="http://www.w3.org/2001/XMLSchema-instance"
    xsi:schemaLocation="http://www.loc.gov/MARC21/slim http://www.loc.gov/standards/marcxml/schema/MARC21slim.xsd"
    xmlns="http://www.loc.gov/MARC21/slim">

  <leader>02221nam a22003377a 4500</leader>
  <controlfield tag="001">319</controlfield>
  <controlfield tag="003">OSt</controlfield>
  <controlfield tag="005">20250528074017.0</controlfield>
  <controlfield tag="008">250326b        |||||||e |||| 00| f eng d</controlfield>
  <datafield tag="040" ind1=" " ind2=" ">
    <subfield code="b">por</subfield>
  </datafield>
  <datafield tag="041" ind1=" " ind2=" ">
    <subfield code="h">eng</subfield>
    <subfield code="a">por</subfield>
  </datafield>
  <datafield tag="082" ind1=" " ind2=" ">
    <subfield code="a">813</subfield>
    <subfield code="b">S819v</subfield>
  </datafield>
  <datafield tag="100" ind1="1" ind2=" ">
    <subfield code="a">STEINBECK, John,</subfield>
    <subfield code="d">1902-1968.</subfield>
    <subfield code="9">637</subfield>
  </datafield>
  <datafield tag="240" ind1=" " ind2=" ">
    <subfield code="a">The grapes of wrath</subfield>
  </datafield>
  <datafield tag="245" ind1=" " ind2=" ">
    <subfield code="a">As vinhas da ira /</subfield>
    <subfield code="c">Steinbeck, John ; Tradu&#xE7;&#xE3;o de Ernesto Vinhaes e Herbert Caro</subfield>
  </datafield>
  <datafield tag="260" ind1=" " ind2=" ">
    <subfield code="a">S&#xE3;o Paulo </subfield>
    <subfield code="b">Abril</subfield>
    <subfield code="c">1972</subfield>
  </datafield>
  <datafield tag="300" ind1=" " ind2=" ">
    <subfield code="a">629 p.</subfield>
  </datafield>
  <datafield tag="490" ind1="1" ind2=" ">
    <subfield code="a">Os Imortais da Literatura Universal</subfield>
  </datafield>
  <datafield tag="520" ind1=" " ind2=" ">
    <subfield code="a">As Vinhas da Ira &#xE9; um romance sobre a dignidade humana em condi&#xE7;&#xF5;es desesperadas. Entre 1930 e 1939, as grandes plan&#xED;cies do Texas e do Oklahoma foram assoladas por centenas de tempestades de poeira que causaram um desastre ecol&#xF3;gico sem precedentes, agravaram os efeitos da Grande Depress&#xE3;o, deixaram cerca de meio milh&#xE3;o de americanos sem casa, e provocaram o &#xEA;xodo de muitos deles para Oeste, nomeadamente para a Calif&#xF3;rnia, em busca de trabalho. Quando os Joad perdem a quinta de que eram rendeiros no Oklahoma, juntam-se a milhares de outros que ao longo das estradas se dirigem para Oeste, no sonho de conseguirem uma terra que possam considerar sua. E noite ap&#xF3;s noite, eles e os seus companheiros de desdita reinventam toda uma sociedade: escolhem-se l&#xED;deres, redefinem-se c&#xF3;digos impl&#xED;citos de generosidade, irrompem acessos de viol&#xEA;ncia, de desejo brutal, de raiva assassina. Este romance que &#xE9; universalmente considerado a obra-prima de John Steinbeck &#xE9; o retrato &#xE9;pico do desapiedado conflito entre os poderosos e aqueles que nada t&#xEA;m, do modo como um homem pode reagir &#xE0; injusti&#xE7;a, e tamb&#xE9;m da for&#xE7;a tranquila e est&#xF3;ica de uma mulher. As Vinhas da Ira &#xE9; um marco da literatura norte-americana.
</subfield>
  </datafield>
  <datafield tag="650" ind1=" " ind2="0">
    <subfield code="a">Literatura Americana</subfield>
    <subfield code="9">84</subfield>
  </datafield>
  <datafield tag="650" ind1=" " ind2="0">
    <subfield code="a">Conflito de classe</subfield>
    <subfield code="9">638</subfield>
  </datafield>
  <datafield tag="650" ind1=" " ind2="0">
    <subfield code="a">Aventura</subfield>
    <subfield code="9">47</subfield>
  </datafield>
  <datafield tag="650" ind1=" " ind2="0">
    <subfield code="a">Explora&#xE7;&#xE3;o de trabalhadores</subfield>
    <subfield code="9">639</subfield>
  </datafield>
  <datafield tag="650" ind1=" " ind2="0">
    <subfield code="a">Cl&#xE1;ssicos</subfield>
    <subfield code="9">77</subfield>
  </datafield>
  <datafield tag="655" ind1=" " ind2="0">
    <subfield code="a">Romance</subfield>
    <subfield code="9">23</subfield>
  </datafield>
  <datafield tag="655" ind1=" " ind2="0">
    <subfield code="a">Fic&#xE7;&#xE3;o </subfield>
    <subfield code="9">22</subfield>
  </datafield>
  <datafield tag="700" ind1=" " ind2=" ">
    <subfield code="a">Ernesto Vinhares</subfield>
    <subfield code="e">TRADUTOR</subfield>
    <subfield code="9">640</subfield>
  </datafield>
  <datafield tag="700" ind1=" " ind2=" ">
    <subfield code="a">Herbert Caro</subfield>
    <subfield code="e">TRADUTOR</subfield>
    <subfield code="9">641</subfield>
  </datafield>
  <datafield tag="830" ind1=" " ind2=" ">
    <subfield code="a">Os Imortais da Literatura Universal</subfield>
    <subfield code="9">461</subfield>
    <subfield code="v">vol. 34</subfield>
  </datafield>
  <datafield tag="942" ind1=" " ind2=" ">
    <subfield code="2">ddc</subfield>
    <subfield code="n">0</subfield>
    <subfield code="c">BK</subfield>
  </datafield>
  <datafield tag="952" ind1=" " ind2=" ">
    <subfield code="0">0</subfield>
    <subfield code="1">0</subfield>
    <subfield code="2">ddc</subfield>
    <subfield code="4">0</subfield>
    <subfield code="7">0</subfield>
    <subfield code="a">BIBIB</subfield>
    <subfield code="b">BIBIB</subfield>
    <subfield code="c">LE</subfield>
    <subfield code="d">2025-03-26</subfield>
    <subfield code="e">doa&#xE7;&#xE3;o</subfield>
    <subfield code="l">0</subfield>
    <subfield code="o">813 / S819v</subfield>
    <subfield code="p">2025-17272</subfield>
    <subfield code="r">2025-03-26 09:53:32</subfield>
    <subfield code="w">2025-03-26</subfield>
    <subfield code="y">BK</subfield>
  </datafield>
  <datafield tag="999" ind1=" " ind2=" ">
    <subfield code="c">319</subfield>
    <subfield code="d">319</subfield>
  </datafield>
</record>
